Statistics for Ed Sheeran - Perfect lyrics

Click here to take the quiz!

General Stats

  • This quiz has been taken 3,628 times
  • The average score is 210 of 286

Answer Stats

Answer% Correct
I
99%
i
99%
a
98%
you
96%
me
95%
love
94%
in
93%
be
93%
an
93%
my
92%
the
91%
to
90%
found
90%
perfect
89%
darling
89%
for
89%
so
89%
and
88%
just
87%
we
86%
girl
85%
look
82%
beautiful
82%
sweet
80%
know
80%
when
79%
we're
79%
follow
79%
were
79%
right
78%
it
78%
tonight
77%
lead
77%
arms
76%
on
76%
your
76%
this
75%
dancing
75%
kids
75%
fell
74%
our
74%
dark
74%
baby
74%
dive
73%
what
72%
between
72%
was
71%
not
71%
with
71%
song
70%
hold
69%
waiting
69%
knew
69%
listening
69%
grass
68%
never
68%
time
68%
all
67%
someone
66%
knowing
65%
eyes
65%
is
65%
own
64%
barefoot
64%
heart
63%
kiss
63%
will
63%
give
62%
up
61%
slow
60%
favourite
58%
woman
58%
that
58%
she
57%
than
57%
mine
56%
I'm
56%
but
54%
stronger
53%
anyone
52%
breath
51%
we'll
50%
well
50%
holding
50%
cause
49%
are
49%
said
49%
whispered
48%
mess
48%
underneath
48%
hand
47%
children
47%
don't
47%
I'll
47%
home
47%
share
47%
you're
47%
deserve
46%
carry
46%
heard
46%
of
45%
looked
45%
man
45%
hope
44%
dreams
44%
see
44%
her
43%
oh
42%
more
41%
someday
40%
secrets
40%
dress
37%
have
36%
saw
35%
shares
35%
future
33%
fighting
33%
against
33%
odds
32%
still
31%
alright
31%
angel
31%
looking
30%
now
28%
faith
27%
person
27%
met
26%
looks
26%

Score Distribution

Percentile by Number Answered

Percent of People with Each Score

Your Score History

You have not taken this quiz